Score 0/18 Timer 02:00
1 Play Today
Film Title & Year Missing Word % Correct
Blades of _______ (2007)Glory
93.7%
Bend It Like _______ (2002)Beckham
92%
White Men Can't _______ (1992)Jump
92%
The Blind _______ (2009)Side
91.8%
Talladega _______: The Ballad of Ricky Bobby (2006)Nights
91.3%
The _______ Lebowski (1998)Big
90.1%
_______ Runnings (1993)Cool
86.5%
Fever _______ (2005)Pitch
85.5%
Raging _______ (1980)Bull
84.6%
Film Title & Year Missing Word % Correct
Dodgeball: A True _______ Story (2004)Underdog
68%
The Legend of _______ Vance (2000)Bagger
66.4%
_______ of Fire (1981)Chariots
65.1%
The Color of _______ (1986)Money
60.9%
_______ Shot (1977)Slap
58.2%
_______ The Dragon (1973)Enter
53.7%
Men with _______ (2002)Brooms
39.8%
The _______ Summer (1966)Endless
22.3%
Breaking _______ (1979)Away
21.4%

Today's Daily Dose

Remove Ads.
Support Sporcle.
Get the best of Sporcle when you Go Orange. This ad-free experience offers more features, more stats, and more fun while also helping to support Sporcle. Thank you for becoming a member.

You're not logged in!

Compare scores with friends on all Sporcle quizzes.
OR
Log In

Show Comments

Extras

Top Quizzes Today


Score Distribution

Your Account Isn't Verified!

In order to create a playlist on Sporcle, you need to verify the email address you used during registration. Go to your Sporcle Settings to finish the process.

Report this User

Report this user for behavior that violates our Community Guidelines.

Details: